000
00259nam a22000977a 4500
003
SGT
245
_a
Journal of Indian Prosthodontics Society
260
_c
Medknow Publisher
300
_a
442,280,390,420,418,418,400,430,640,275,260,250,240,220,
942
_2
ddc
_c
BV
999
_c
30130
_d
30130